European Research Studies

Bibliographic Details
Format: Journal
Language:English
Published: Piraeus (Greece) : El Thalassinos, 1998-
Subjects:
Online Access:http://www.vlex.com/source/7308

MARC

LEADER 00000nas a22000007a 4500
005 20130325163028.0
007 cr|||| ||||
008 130325c19989999gr qr|p s|||| 0|||a1eng d
035 |a 7308 
040 |a vLex 
090 |c 4011  |d 4011 
245 0 0 |a European Research Studies  |h [Recurso electrn̤ico]  
256 |a Servicio en ln̕ea 
260 |a Piraeus (Greece) :  |b El Thalassinos,  |c 1998- 
300 |a 1 Recurso electrn̤ico 
506 |d vLex Global  |d vLex Global (Academic Edition, excluding Law Schools)  |d vLex Global (U.S. Academic Edition, Law Schools)  |d vLex Global (U.S. Academic Edition, excluding Law Schools)  |d vLex Global (Academic Edition, Law Schools) 
650 0 4 |a Derecho comunitario  |v Revistas 
740 |a vLex Revistas (Servicio en ln̕ea) 
856 |a Acceso restringido  |u http://www.vlex.com/source/7308 
942 |c REV 
999 0 |a European Union